| 000 | 00799nam a2200229 a 4500 | ||
|---|---|---|---|
| 001 | 73818 | ||
| 003 | BD-RjUL | ||
| 005 | 20211209082441.0 | ||
| 008 | 170612s1962 dcuab b 001 0 eng d | ||
| 035 | _a(BD-RjUL)74036 | ||
| 040 |
_aU.S. Nat'l Agr. Libr. _cDLC _dBD-RjUL _beng |
||
| 041 | _aeng | ||
| 082 |
_223 _a630.973 _bUNA 1962 |
||
| 110 | 1 |
_aUnited States. _bDepartment of Agriculture. _9218578 |
|
| 245 | 1 | 0 |
_aAfter a hundred years : _bthe yearbook of agriculture 1962 / _cUnited States. Department of Agriculture |
| 260 |
_aWashington : _bUnited States. Department of Agriculture, _c1962. |
||
| 300 |
_axiii, 688 p. : _bill. ; _c24 cm. |
||
| 500 | _aIncludes index | ||
| 650 |
_aAgriculture _zUnited States _9218574 |
||
| 651 | 3 |
_aUnited States _xAgriculture _xHistory. _9218575 |
|
| 942 |
_2ddc _cBK |
||
| 999 |
_c73818 _d73818 |
||